| 000 | 00465nam a2200169 a 4500 | ||
|---|---|---|---|
| 001 | 000035752 | ||
| 005 | 20200930074601.0 | ||
| 008 | 111110s2010 dr ac 000 0 spa d | ||
| 020 | _a9789945871814 | ||
| 040 |
_aDO-SdBNP _bspa _cBNPHU |
||
| 100 | 1 |
_aFebles, Juan _922082 |
|
| 245 | 1 | 0 |
_aServicio de restaurante / _cJuan Febles. |
| 260 |
_aSanto Domingo:, _c2010. |
||
| 300 |
_a173 p. : _bil., retrs. ; _c29 cm. |
||
| 500 | _aTextos en dos columnas | ||
| 049 | _aBNPD | ||
| 999 |
_c35243 _d35243 |
||